Evaluating The Effectiveness of Kenya's Coast Guard Agency in Improving Maritime Security and Governance in The Blue Economy a Case of Kilifi Harbor
Bewaard in:
| Hoofdauteur: | |
|---|---|
| Formaat: | Boek |
| Taal: | Engels |
| Gepubliceerd in: |
Nairobi
Daystar University
2024
|
| Onderwerpen: | |
| Tags: |
Geen labels, Wees de eerste die dit record labelt!
|
MARC
| LEADER | 00000nam a22000007a 4500 | ||
|---|---|---|---|
| 003 | OSt | ||
| 005 | 20250522105348.0 | ||
| 008 | 250512b |||||||| |||| 00| 0 eng d | ||
| 040 | |a DUL |b Eng |c DUL |d GKanini | ||
| 050 | |a HV6433.K4N36 2024 | ||
| 100 | |a Namenya, Sylvia |e author | ||
| 245 | |a Evaluating The Effectiveness of Kenya's Coast Guard Agency in Improving Maritime Security and Governance in The Blue Economy |b a Case of Kilifi Harbor |c by Sylvia Namenya | ||
| 260 | |a Nairobi |b Daystar University |c 2024 | ||
| 300 | |a xii, 111 p |b ill | ||
| 500 | |a A Thesis proposal presented to the School of Arts and Social Sciences of Daystar University Nairobi, Kenya in partial fulfillment of the requirements for the degree of Master of Arts in Diplomacy, Development and International Security | ||
| 650 | |a maritime security | ||
| 650 | |a international relations | ||
| 942 | |2 lcc |c THES |h HV6433 |i .K4N36 |k THES |m 2024 |6 HV6433 K4 N36 | ||
| 999 | |c 248949 |d 248948 | ||